| 000 | 00925cam a2200145ua 4500 | ||
|---|---|---|---|
| 041 |
_aeng _h |
||
| 082 |
_a627.01 _bCBI/CO |
||
| 110 | 1 |
_aCentral board of I and P . _b _c(New Delhi ) |
|
| 245 | 0 | 0 |
_aConstruction features of Important water resources projects of Gujrat / _cCentral Board of I and P. _hTextual Documents |
| 260 |
_aNew Delhi : _bCentral Board of I and P , _c1992. |
||
| 300 | _a79 ; . | ||
| 504 | _a | ||
| 942 | _cBK | ||
| 999 |
_c824 _d824 |
||